000 00364nam a2200145 i 4500
001 39820
003 ES-MaACL
005 20230906160104.0
007 t|
008 030304s1962 sp ||||1| cat d
245 0 0 _aCap d'Any
_b: raixa 1962.
260 _aPalma de Mallorca :
_bMoll,
_c[1962]
300 _a147 p. ;
_c13 cm.
852 _aES-MaACL
_jC-21771
_bR.50387
999 _c39820
_d39820